000 00886nam a2200205 i 4500
001 63873
003 ES-MaACL
005 20230906165005.0
007 t|
008 031217s1909 sp ||||1| spa d
100 1 _aFilippi, Felippo de.
_950843
245 1 3 _aEl Ruwenzori
_b: viaje de exploración y primeras ascensiones a esta cordillera [efectuado bajo la dirección de] S. A. R. el Príncipe Luis Amadeo de Saboya, duque de los Abruzzos /
_cFelippo de Filippi ; ilustrado por Víctor Sella ; versión castellana de Enrique Tedeschi.
260 _aMadrid :
_bSucesores de Rivadeneyra,
_c1909.
300 _aVIII, 362 p., 34 lám. :
_bil. ;
_c26 cm.
650 4 _aExpediciones científicas-
_zÁfrica central.
_9170362
651 4 _aÁfrica central-
_xDescripción.
_9155240
700 1 _aSella, Victor.
_9105321
700 1 _aTedeschi, Enrique.
_9109505
852 _aES-MaACL
_jC-109
999 _c63873
_d63873